Southville International School and Colleges
Your cart is empty.
  • Cart
  • Lists
    Public lists Eva Luna New books Lux_list list_1
    Your lists Log in to create your own lists
  • Log in to your account
  • Your cookies
  • Search history
Southville International School and Colleges
  • Advanced search
  • Recent comments
  • Most popular
  • Libraries

Log in to your account

Log in with GOOGLE


If you do not have an external account, but do have a local account, you can still log in:

  1. Home
  2. MARC view: The coming real estate crash /
Normal view MARC view ISBD view

The coming real estate crash / (Record no. 8894)

[ view plain ]
MARC details
000 -LEADER
fixed length control field 01002cam a22003133a 4500
001 - CONTROL NUMBER
control field 16398053
003 - CONTROL NUMBER IDENTIFIER
control field SISC
005 - DATE AND TIME OF LATEST TRANSACTION
control field 20160406092555.0
008 - FIXED-LENGTH DATA ELEMENTS--GENERAL INFORMATION
fixed length control field 800811s1980 nyua 001 0 eng d
010 ## - LIBRARY OF CONGRESS CONTROL NUMBER
LC control number 00520529
035 ## - SYSTEM CONTROL NUMBER
System control number (OCoLC)ocm06607063
040 ## - CATALOGING SOURCE
Original cataloging agency TDS
Transcribing agency TDS
Modifying agency DLC
050 00 - LIBRARY OF CONGRESS CALL NUMBER
Classification number HD 255
Item number .En54 1980
082 ## - DEWEY DECIMAL CLASSIFICATION NUMBER
Classification number HS 333.33
Item number .En3 1980
100 1# - MAIN ENTRY--PERSONAL NAME
Personal name English, John Wesley,
Dates associated with a name 1912-
9 (RLIN) 11698
245 14 - TITLE STATEMENT
Title The coming real estate crash /
Statement of responsibility, etc John Wesley English, Gray Emerson Cardiff.
260 ## - PUBLICATION, DISTRIBUTION, ETC. (IMPRINT)
Place of publication, distribution, etc New York :
Name of publisher, distributor, etc Warner Books,
Date of publication, distribution, etc 1980.
300 ## - PHYSICAL DESCRIPTION
Extent 256 p. :
Other physical details ill. ;
Dimensions 18 cm.
500 ## - GENERAL NOTE
General note Includes index.
650 #0 - SUBJECT ADDED ENTRY--TOPICAL TERM
Topical term or geographic name as entry element real estate.
9 (RLIN) 11699
650 #0 - SUBJECT ADDED ENTRY--TOPICAL TERM
Topical term or geographic name as entry element real estate investment.
9 (RLIN) 11700
650 #0 - SUBJECT ADDED ENTRY--TOPICAL TERM
Topical term or geographic name as entry element Cardiff, Gray Emerson
9 (RLIN) 11701
700 1# - ADDED ENTRY--PERSONAL NAME
Personal name Cardiff, Gray Emerson.
9 (RLIN) 11702
710 2# - ADDED ENTRY--CORPORATE NAME
Corporate name or jurisdiction name as entry element Copyright Paperback Collection (Library of Congress)
Institution to which field applies DLC
9 (RLIN) 705
740 0# - ADDED ENTRY--UNCONTROLLED RELATED/ANALYTICAL TITLE
Uncontrolled related/analytical title Real estate crash.
906 ## - LOCAL DATA ELEMENT F, LDF (RLIN)
a 7
b cbc
c copycat
d 2
e ncip
f 20
g y-genrareb
942 ## - ADDED ENTRY ELEMENTS (KOHA)
Source of classification or shelving scheme Library of Congress Classification
Koha item type Books
Holdings
Withdrawn status Lost status Source of classification or shelving scheme Damaged status Home library Current library Shelving location Date acquired Total Checkouts Full call number Barcode Date last seen Copy number Price effective from Koha item type
    Library of Congress Classification   Luxembourg Library Luxembourg Library High School Section 08/17/2013   HD 255 .En54 1980 2507 04/06/2016 1 08/17/2013 Books

The coming real estate crash /

APA

English J. W., Cardiff G. E. & Copyright Paperback Collection (Library of Congress). (1980). The coming real estate crash. New York: Warner Books.

Chicago

English John Wesley, Cardiff Gray Emerson and Copyright Paperback Collection (Library of Congress). 1980. The coming real estate crash. New York: Warner Books.

Harvard

English J. W., Cardiff G. E. and Copyright Paperback Collection (Library of Congress). (1980). The coming real estate crash. New York: Warner Books.

MLA

English John Wesley, Cardiff Gray Emerson and Copyright Paperback Collection (Library of Congress). The coming real estate crash. New York: Warner Books. 1980.

  • Place hold
  • Print
  • Cite
  • Add to your cart (remove)
  • Save record
    BIBTEX Dublin Core MARCXML MARC (non-Unicode/MARC-8) MARC (Unicode/UTF-8) MARC (Unicode/UTF-8, Standard) MODS (XML) RIS
  • More searches
    Search for this title in:
    Other Libraries (WorldCat) Other Databases (Google Scholar) Online Stores (Bookfinder.com) Open Library (openlibrary.org)

Exporting to Dublin Core...

SOUTHVILLE LIBRARY

Southville International School and Colleges Library

1281 Tropical Ave. Cor. Luxembourg St., BF Homes International, Las Pinas City

Tel. No. 8256374 / 252358 Loc. 117/146

Powered by Koha